東海4県を通る国道 - Statistics

General Stats
  • This quiz has been taken 35 times
  • The average score is 28 of 66
Answer Stats
経由地 国道番号 % Correct
函南町三島市 清水町 長泉町 沼津市 富士市 静岡市 清水区 静岡市 葵区 静岡市 駿河区 藤枝市 島田市 掛川市 袋井市 磐田市 浜松市 中央区 湖西市 豊橋市 豊川市 岡崎市 安城市 知立市 刈谷市 豊明市 名古屋市 緑区 名古屋市 南区 名古屋市 瑞穂区 名古屋市 熱田区 名古屋市 中川区 蟹江町 愛西市 弥富市 桑名市 朝日町 川越町 四日市市 鈴鹿市 亀山市 1
100%
名古屋市 熱田区名古屋市 中区 名古屋市 西区 清須市 北名古屋市 一宮市 笠松町 岐南町 岐阜市 22
96%
豊橋市豊川市 蒲郡市 幸田町 西尾市 安城市 刈谷市 知立市 豊明市 大府市 名古屋市 緑区 名古屋市 南区 名古屋市 港区 飛島村 弥富市 木曽岬町 桑名市 川越町 四日市市 鈴鹿市 津市 松阪市 明和町 伊勢市 23
96%
名古屋市 熱田区名古屋市 中区 名古屋市 東区 名古屋市 北区 名古屋市 守山区 春日井市 多治見市 土岐市 瑞浪市 恵那市 中津川市 19
93%
関ケ原町垂井町 大垣市 安八町 瑞穂市 岐阜市 岐南町 各務原市 坂祝町 美濃加茂市 可児市 御嵩町 土岐市 瑞浪市 21
93%
四日市市鈴鹿市 亀山市 伊賀市 25
86%
名古屋市 東区名古屋市 北区 豊山町 小牧市 大口町 扶桑町 犬山市 可児市 美濃加茂市 川辺町 七宗町 白川町 下呂市 高山市 飛驒市 41
82%
浜松市 中央区湖西市 豊橋市 田原市 鳥羽市 伊勢市 明和町 松阪市 多気町 大台町 大紀町 紀北町 尾鷲市 熊野市 御浜町 紀宝町 42
75%
名古屋市 東区名古屋市 中区 名古屋市 千種区 名古屋市 昭和区 名古屋市 天白区 日進市 東郷町 みよし市 豊田市 153
64%
常滑市知多市 東海市 大府市 刈谷市 知立市 豊田市 瀬戸市 名古屋市 守山区 春日井市 小牧市 岩倉市 大口町 江南市 一宮市 稲沢市 愛西市 津島市 弥富市 155
64%
静岡市 清水区 149
61%
岐南町岐阜市 関市 美濃市 郡上市 高山市 白川村 156
61%
岐阜市北方町 本巣市 157
61%
郡上市高山市 158
61%
静岡市 清水区富士宮市 52
61%
浜松市 中央区浜松市 浜名区 浜松市 天竜区 152
57%
名古屋市 熱田区名古屋市 南区 東海市 知多市 常滑市 美浜町 南知多町 武豊町 半田市 高浜市 碧南市 西尾市 蒲郡市 豊川市 豊橋市 247
57%
蒲郡市幸田町 岡崎市 豊田市 瀬戸市 多治見市 可児市 美濃加茂市 坂祝町 関市 岐阜市 248
57%
豊橋市豊川市 新城市 東栄町 豊根村 151
54%
名古屋市 熱田区名古屋市 港区 154
54%
伊賀市津市 163
54%
四日市市 164
54%
静岡市 清水区静岡市 駿河区 焼津市 吉田町 牧之原市 御前崎市 掛川市 袋井市 磐田市 浜松市 中央区 150
50%
名張市伊賀市 津市 165
50%
松阪市 166
50%
志摩市鳥羽市 伊勢市 167
50%
熊野市 169
50%
小山町御殿場市 裾野市 長泉町 沼津市 246
50%
小山町御殿場市 138
43%
富士市富士宮市 139
43%
岐阜市山県市 関市 郡上市 下呂市 白川町 東白川村 中津川市 256
43%
下田市南伊豆町 松崎町 西伊豆町 伊豆市 伊豆の国市 函南町 三島市 136
39%
浜松市 中央区浜松市 浜名区 新城市 設楽町 豊田市 恵那市 中津川市 下呂市 高山市 257
39%
熱海市伊東市 東伊豆町 河津町 下田市 135
36%
豊橋市田原市 鳥羽市 259
36%
浜松市 中央区浜松市 浜名区 新城市 岡崎市 豊田市 301
36%
大垣市輪之内町 海津市 桑名市 258
32%
名古屋市 中川区大治町 あま市 清須市 名古屋市 西区 名古屋市 北区 春日井市 名古屋市 守山区 名古屋市 名東区 名古屋市 天白区 日進市 名古屋市 緑区 大府市 東海市 名古屋市 港区 飛島村 302
32%
蒲郡市岡崎市 豊田市 設楽町 新城市 東栄町 浜松市 天竜区 川根本町 島田市 菊川市 牧之原市 473
32%
飛驒市高山市 471
29%
飛驒市高山市 郡上市 472
29%
岐阜市北方町 本巣市 大野町 揖斐川町 303
25%
熊野市 309
25%
浜松市 浜名区新城市 東栄町 浜松市 天竜区 474
25%
豊田市瀬戸市 多治見市 土岐市 可児市 御嵩町 八百津町 美濃加茂市 川辺町 富加町 関市 美濃市 岐阜市 山県市 本巣市(未開通) 大野町 神戸町 大垣市 養老町 海津市(未開通) いなべ市 東員町 四日市市 475
25%
四日市市菰野町 477
25%
志摩市南伊勢町 大紀町 紀北町 260
21%
津市鈴鹿市 亀山市 四日市市 菰野町 いなべ市 306
21%
尾鷲市熊野市 御浜町 311
21%
高山市 361
21%
名古屋市 名東区名古屋市 守山区 尾張旭市 瀬戸市 土岐市 瑞浪市 恵那市 中津川市 363
21%
関ケ原町大垣市 いなべ市 東員町 四日市市 365
21%
紀北町大台町 松阪市 津市 名張市 伊賀市 422
21%
飛驒市白川村 360
18%
静岡市 葵区川根本町 浜松市 天竜区 浜松市 浜名区 豊橋市 豊川市 362
18%
名古屋市 緑区大府市 東浦町 半田市 366
18%
伊賀市名張市 津市 松阪市 多気町 368
18%
津市松阪市 多気町 369
18%
大垣市池田町 揖斐川町 417
18%
恵那市八百津町 川辺町 美濃加茂市 富加町 関市 山県市 本巣市 418
18%
瑞浪市豊田市 知立市 刈谷市 高浜市 419
14%
豊田市設楽町 新城市 420
14%
桑名市東員町 いなべ市 421
14%
尾鷲市 425
14%
下田市河津町 伊豆市 伊豆の国市 沼津市 414
7%
御殿場市裾野市 富士市 富士宮市 469
7%
No matching quizzes found
Score Distribution
Percent of People with Each Score
Percentile by Number Answered
Your Score History
You have not taken this quiz